1059 1880 1242 1719 1948 1653 1125 1982 1676 1122 1306 1477 1922 1801 1421 1283 1818 1453 1241 1898 1558 1341 1928 1086 1233 1860 1148 1727 1298 1546 1600 1200 1992 1478 1826 1420 1927 1067 1085 1458 1362 1858 1655 1580 1112 1673 1955 1131 1527 1178 1986 1737 1360 1767 1959 1764 1543 1831 1205 1151 1537 1030 1698 1437 1771 1577 1214 1669 1118 1019 1661 1397 1405 1402 1640 1928 1378 1669 1120 1300 1722 1648 1191 1510 1753 1387 1313 1617 1012 1328 1573 1829 1214 1027 1604 1226 1206 1260 1191 BCNSPRNW ULIB Ver.6.0+V

เปลี่ยนเป็นภาษาไทย

Change to English
 แสดงรายละเอียดบรรณานุกรม
  กลับหน้าหลัก

Brief Record : Get Marc (ISO 2709) : E-mail record : QR code < ปิดหน้าต่าง
LEADER : 00000nam 2200000uu 4500
001    13399112648
003     ULIB
008    110830s2553||||th 000 0 tha d
020    9789744015969
060 04 WS280^bด764P 2553
100    ดุสิต สถาวร
245 00 Pediatric critical care : Evolving concepts and current practice /^cบรรณาธิการ ดุสิต สถาวร , จิตลัดดา ดีโรจนวงศ์ ,นวลจันทร์ ปราบพาล
260    กรุงเทพฯ :^bชมรมโรคระบบหายใจในเด็กแห่งประเทศไทย,^c2553
300    viii, 224 :^bภาพประกอบ ;^c27 ซม.
650  2 Respiratory Tract Diseases^xin infancy & childhood
650  4 โรคระบบหายใจ
650  4 ทางเดินหายใจ, โรค
700 0  จิตลัดดา ดีโรจนวงศ์,^eบรรณาธิการ
700 0  นวลจันทร์ ปราบพาล,^eบรรณาธิการ
710 2  ชมรมโรคระบบหายใจในเด็กแหงประเทศไทย
945    ^p300^l0^i030478
945    ^p300^l0^i030479
945    ^p300^l0^i030480
945    ^p300^l0^i030481
945    ^p300^l0^i030482
995    ทศพร
999 ^a ทศพร
รายการนี้ยังไม่มีแท็ก
คุณยังไม่ได้ล็อกอิน คุณสามารถมีกิจกรรมร่วมกับเว็บไซต์ได้ แต่ต้องล็อกอินก่อน ::
  ล็อกอิน

รายการสื่อสารสนเทศ

ลำดับที่ ประเภท เลขเรียก/บาร์โค้ด สถานที่ สถานะ
1. วิทยาศาสตร์การแพทย์ และสุขภาพ
หนังสือสำรอง
สถานะ=หนังสือสำรอง
WS280 ด764P 2553 ฉ.1 
  Barcode: 030478
ห้องสมุดวิทยาเขตสวรรค์ประชารักษ์
►ส่วนจัดเก็บหนังสือเก่า สปร
บนชั้น
  ขอยืม
2. วิทยาศาสตร์การแพทย์ และสุขภาพ
วิทยาศาสตร์การแพทย์ และสุขภาพ
WS280 ด764P 2553 ฉ.2 
  Barcode: 030479
ห้องสมุดวิทยาเขตสวรรค์ประชารักษ์
►ส่วนจัดเก็บหนังสือเก่า สปร
บนชั้น
  ขอยืม
3. วิทยาศาสตร์การแพทย์ และสุขภาพ
วิทยาศาสตร์การแพทย์ และสุขภาพ
WS280 ด764P 2553 ฉ.3 
  Barcode: 030480
ห้องสมุดวิทยาเขตสวรรค์ประชารักษ์
►ส่วนจัดเก็บหนังสือเก่า สปร
บนชั้น
  ขอยืม
4. วิทยาศาสตร์การแพทย์ และสุขภาพ
วิทยาศาสตร์การแพทย์ และสุขภาพ
WS280 ด764P 2553 ฉ.4 
  Barcode: 030481
ห้องสมุดวิทยาเขตสวรรค์ประชารักษ์
►ส่วนจัดเก็บหนังสือเก่า สปร
บนชั้น
  ขอยืม
5. วิทยาศาสตร์การแพทย์ และสุขภาพ
วิทยาศาสตร์การแพทย์ และสุขภาพ
WS280 ด764P 2553 ฉ.5 
  Barcode: 030482
ห้องสมุดวิทยาเขตสวรรค์ประชารักษ์
►ส่วนจัดเก็บหนังสือเก่า สปร
บนชั้น
  ขอยืม

รายการใกล้เคียง
    ผู้แต่ง [ดุสิต สถาวร]

    หัวเรื่อง [โรคระบบหายใจ]
    หัวเรื่อง [ทางเดินหายใจ, โรค]

BibComment


ยังไม่เคยถูกคอมเมนท์

คอมเมนท์ทรัพยากรรายการนี้
  คอมเมนท์: Pediatric critica..


 Copyright 2026. Bcnsprnw @Library